Today I Saw The Whole World Lyrics - Pierce the Veil - Statistics

General Stats
  • This quiz has been taken 24 times
  • The average score is 39 of 55
Answer Stats
Missing Lyrics: % Correct
And I think heaven has a plot to take my {life}
90%
Between your lips and {mine} oh
90%
Bite on the {curb}
90%
But I'll bet it feels {good} coming down
90%
But I'll bet it feels {good} coming down
90%
Can't bear to wash out the {wasted} time
90%
Can't bear to wash out the {wasted} time
90%
Can't bear to wash out the {wasted} time
90%
If your lungs are {mine}
90%
I'll bet it feels {good} when you're coming down
90%
I was biting the {curb}
90%
I was biting the {curb}
90%
{Sick} entertainment
90%
{Sick} entertainment
90%
So c'mon and swing it back and {forth} just like
90%
So c'mon and swing it back and {forth} just like
90%
Today I saw the whole {world}
90%
While you {stood} over the pavement
90%
Baby, pour {over}
86%
Between our {lips}
86%
Between our {lips}
86%
But beware, beware, {beware}
86%
My {heart} is on a pendulum tonight
86%
My {heart} is on a pendulum tonight
86%
Oh, sick {entertainment}
86%
Tell me, are we {concrete}
86%
While you stood over the {pavement}
86%
And take it {slow} tonight
81%
But this will be the last {time}
81%
I'll be the {one} who brings you down
81%
I only wanna watch your clouds linger in the {darkness}
81%
I only wanna watch your clouds linger in the {darkness}
81%
And I can hear you drag behind my car by your {broken legs}
76%
I think we're {bleeding} out
76%
What would you do without my {perfect company} to your undressed spine?
76%
You feed on my restless {soul}
76%
You're feeding on my restless {soul}
76%
Listen, I'm the one who {made} you
71%
She blends in with the {foxes}, gold and feels like home
71%
Under the {surface}, my love
71%
As she stole my only {view}, may I never blink
67%
We're on the other side of the {road}
57%
Followed your voices into a sea of {crosses}
52%
Zero {friends}
52%
If your {lungs} are mine
48%
It's never {enough}, it's never {enough}
43%
It's never {enough}, it's never {enough}
43%
Swallowing {stitches} in her sleep
38%
Oh, can't you feel it?
14%
Oh, can't you feel it?
14%
Oh, can't you see that
14%
Sing it one more time
14%
Oh, can you see that
10%
Oh, oh, oh, oh, oh
5%
Oh, oh, oh, oh, oh
5%
No matching quizzes found
Score Distribution
Percent of People with Each Score
Percentile by Number Answered
Your Score History
You have not taken this quiz